[Event "Moscow op-E"]
[Site "Moscow"]
[Date "2011.02.05"]
[Round "8.252"]
[White "Jakovlev, Alexander"]
[Black "An, Hongjin"]
[Result "1-0"]
[WhiteElo "1868"]
[BlackElo "1697"]
[PlyCount "149"]
[EventDate "2011.01.29"]
[EventType "swiss"]
[EventRounds "9"]
[EventCountry "RUS"]
[SourceTitle "EXT 2022"]
[Source "ChessBase"]
[SourceDate "2021.10.06"]
[SourceVersion "1"]
[SourceVersionDate "2021.10.06"]
[SourceQuality "1"]

1. Nc3 d5 2. d4 Nf6 3. g3 Nc6 4. Bg2 Bf5 5. a3 e6 6. f3 Bd6 7. e3 Bg6 8. Nge2 0-0 9. 0-0 Re8 10. Nf4 Bxf4 11. exf4 Nb8 12. Ne2 Nbd7 13. c3 c5 14. Be3 c4 15. g4 Bd3 16. Rf2 Bxe2 17. Rxe2 b5 18. Qe1 Nb6 19. h4 Qd6 20. h5 Nfd7 21. Qh4 Qe7 22. g5 f5 23. gxf6 Qxf6 24. Qh2 Nc8 25. Rae1 Nd6 26. Bh3 Nf5 27. Bf2 Re7 28. Bg4 Nf8 29. Qh3 Rf7 30. Re5 Rd8 31. Bxf5 exf5 32. Bh4 g5 33. hxg6 Qxg6+ 34. Kf2 Qh6 35. Qg3+ Rg7 36. Qh2 Ng6 37. Rh1 Nxe5 38. Bxd8 Nd3+ 39. Ke3 Qxh2 40. Rxh2 Rg1 41. Re2 Rb1 42. Bg5 Rxb2 43. Rxb2 Nxb2 44. Kf2 Kg7 45. Kg3 Kg6 46. Kh4 Nd3 47. Be7 Nf2 48. Bd6 Nd3 49. Bc7 Nf2 50. Bd6 Nd3 51. Kg3 a5 52. Be7 b4 53. axb4 axb4 54. cxb4 c3 55. b5 c2 56. Ba3 Nb4 57. b6 Nc6 58. b7 Kf7 59. Kh4 Ke6 60. Kg5 Kd7 61. Kxf5 Kc7 62. Kg5 Nxd4 63. f5 Kxb7 64. f6 Ne6+ 65. Kh6 d4 66. Kxh7 d3 67. Bc1 Kc7 68. Kg8 Nd8 69. f4 Kd7 70. f5 Kd6 71. f7 Nxf7 72. Kxf7 Ke5 73. f6 Kd4 74. Bd2 Kc4 75. Ke6 1-0

[Event "Moscow op-A"]
[Site "Moscow"]
[Date "2009.02.08"]
[Round "9"]
[White "Jakovlev, Alexander"]
[Black "Popilski, Mordechai"]
[Result "0-1"]
[WhiteElo "1957"]
[BlackElo "2010"]
[PlyCount "24"]
[EventDate "2009.01.31"]
[EventType "swiss"]
[EventRounds "9"]
[EventCountry "RUS"]
[SourceTitle "EXT 2023"]
[Source "ChessBase"]
[SourceDate "2022.10.05"]
[SourceVersion "1"]
[SourceVersionDate "2022.10.05"]
[SourceQuality "1"]

1. e4 d6 2. d4 Nf6 3. Nc3 g6 4. g3 Bg7 5. Bg2 0-0 6. Nge2 e5 7. d5 Nh5 8. f3 f5 9. exf5 gxf5 10. 0-0 c5 11. Be3 Bd7 12. Qd2 b5 0-1

[Event "Centrocoop June op-B"]
[Site "Eforie Nord"]
[Date "1998.??.??"]
[Round "?"]
[White "Jakovlev, Alexander"]
[Black "Vicol, Dorian"]
[Result "1/2-1/2"]
[WhiteElo "1650"]
[BlackElo "2075"]
[PlyCount "36"]
[EventDate "1998.06.??"]
[EventType "swiss"]
[EventRounds "11"]
[EventCountry "ROU"]
[SourceTitle "EXT 2000"]
[Source "ChessBase"]
[SourceDate "1999.11.16"]
[SourceVersion "1"]
[SourceVersionDate "1999.11.16"]
[SourceQuality "1"]

1. d4 Nf6 2. c4 e5 3. e3 Bb4+ 4. Bd2 Bxd2+ 5. Nxd2 exd4 6. exd4 0-0 7. Bd3 Re8+ 8. Ne2 d5 9. c5 Bg4 10. 0-0 Bh5 11. Re1 c6 12. Qc2 Bg6 13. Nf4 Bxd3 14. Nxd3 Nbd7 15. Rxe8+ Qxe8 16. Re1 Qf8 17. Ne5 Re8 18. f4 Re7 1/2-1/2